Tilastot visalle Seksuaaliterveys

Klikkaa tästä pelataksesi tätä visaa!

Yleistilastot

  • Tätä visaa on pelattu 98 kertaa
  • Keskiarvotulos 11 / 15

Vastaustilastot

KysymysVastaus% Oikein
Mikä seuraavista väittämistä pitää paikkansa?Ehkäisystä huolehtiminen seksissä kuuluu molemmille osapuolille
96%
Murrosiän alkaessakasvu- ja sukuhormonien eritys vilkastuu
96%
Kaksoisehkäisy on varma tapasuojautua sekä sukupuolitaudeilta että raskaudelta
88%
Miespuolinen sukuhormoni on nimeltääntestosteroni
88%
Naispuolinen sukuhormoni on nimeltäänestrogeeni
87%
Suomessa sukupuolisuhteen suojaikärajat ovat16 ja 18 vuotta
82%
Intersukupuolisuus tarkoittaa sitä, ettäsyntyvällä lapsella on molempien sukupuolten piirteitä tai ominaisuuksia
78%
Kuukatiskierto lasketaan alkavaksikuukatisten alkamispäivästä
77%
Ehkäisypilleritestävät ovulaation tapahtumisen
71%
Ovulaatio tapahtuu tavallisimminkuukautiskierron puolivälissä
62%
Mikä seuraavista väittämistä on väärin?Sukupuolitauti ei tartu sitä sairastavalta, jos hänellä ei ole näkyviä oireita
58%
Papilloomavirus aiheuttaakondyloomaa
57%
Ovulaatio tarkoittaamunasolun irtoamista munarauhasesta
46%
Mikä seuraavista väittämistä on väärin?Jälkiehkäisyvalmiste keskeyttää jo alkaneen raskauden
41%
Mitkä seuraavista ovat viruksen aiheuttamia sukupuolitauteja?kondylooma ja herpes
40%

Tulosjakauma

Persentiili vastausten määrän mukaan

Jokaisen tuloksen saaneiden osuus

Tuloshistoriasi

Et ole pelannut tätä visaa